| 000 | 00576cam a22002053a 4500 | ||
|---|---|---|---|
| 001 | 39943 | ||
| 003 | PGUSA | ||
| 005 | 20140828083906.0 | ||
| 008 | 120607s2012||||xxu|||||s|||||000 | eng d | ||
| 040 |
_aPGUSA _beng |
||
| 042 | _adc | ||
| 100 | 1 |
_aKonody, Paul G. _q(Paul George), _d1872-1933 |
|
| 245 | 1 | 0 |
_aDelacroix _h[electronic resource] / _cPaul G. Konody |
| 260 |
_bProject Gutenberg, _c2012 |
||
| 506 | _aPublic domain in the USA. | ||
| 516 | _aElectronic text | ||
| 830 | 0 |
_aProject Gutenberg _v39943 |
|
| 856 | 4 | 0 | _uhttp://www.gutenberg.org/ebooks/39943 |
| 942 | _cEB | ||
| 999 |
_c269196 _d269196 |
||